000 00783nam a2200205 i 4500
001 46270
003 ES-MaACL
005 20250603152406.0
007 t|
008 030328s1887 sp ||||1| spa d
245 0 3 _aEl Concilio de Trento y el Concordato vigente con las disposiciones dictadas para su ejecución y la jurisprudencia del Consejo de Estado y Tribunal Supremo /
_cpor Julio Bravo.
260 _aMadrid :
_b[s.n.],
_c1887 (
_fEstablecimiento Tipográfico de Pedro Nuñez)
300 _a2 v. ;
_c19 cm.
490 1 _aBiblioteca judicial ;
_v41,42
700 1 _aBravo, Julio
_c(abogado)
_9150925
711 2 _aConcilio de Trento
_d(1545-1563)
_9135069
830 0 _aBiblioteca judicial ;
_v41,42
_9181856
852 _aES-MaACL
_jB-6668-6669
999 _c46270
_d46270